| 000 | 00924nam0a2200265 i 4500 | ||
|---|---|---|---|
| 001 | RU\NLR\BIBL_A\011296918 | ||
| 005 | 20241104015524.0 | ||
| 021 |
_aRU _b2016-93296 _96174 |
||
| 035 | _a(NLR Aleph) 011296918 | ||
| 090 |
_a10955267 _c10955267 |
||
| 100 | _a20161221d2011 u y0rusy50 ca | ||
| 101 | 0 | _arus | |
| 102 | _aRU | ||
| 105 | _a z 000zy | ||
| 200 | 1 |
_aВспоминая былое _fМ.Ж. Шагдаров |
|
| 210 |
_aУлан-Удэ _cБГСХА _d2011 |
||
| 215 |
_a239 с., [8] л. ил. _d21 |
||
| 320 | _aБиблиогр.: с. 229-233 | ||
| 607 |
_aБурятия, Республика _jВоспоминания, записки и т.п _xНародное хозяйство _92175707 _3RU\NLR\AUTH\661308556 |
||
| 686 | 1 | _aУ03(2Р-6Бу)7 | |
| 700 | 1 |
_aШагдаров _bМ.Ж. _gМаксим Жамсаранович |
|
| 942 | _cBOOK | ||
| 980 | _aNBR | ||